000 005730000a22001810004500
003 MACL
005 20160429120829.0
008 160429b xxu||||| |||| 00| 0 eng d
040 _aMACL
_cMACL
041 _aHindi
082 _a800 MEH
100 _aमेहरा दिलीप
_954321
245 _aमध्‍यकालीन हिन्‍दी काव्‍य
260 _aकानपुर
_bज्ञान प्रकाशन
_c2010
350 _a500
650 _aकाव्‍य समीक्षा
_948818
942 _cHIN
_k800/MEH
_2ddc
999 _c48917
_d48917